History Quiz

Random History or Celebrity Quiz

Famous Men When They Were Young Quiz Stats

Quiz Updated Jun 7, 2015

Challenge
Share
Tweet
Score 0/28 Timer 07:00
0 Plays Today
% Correct
Clint Eastwood
91.3%
Sylvester Stallone
86.3%
Stephen Hawking & Jane Wilde
78.8%
Paul Allen & Bill Gates
70.9%
Ted Kennedy
68%
Prince Charles
63.9%
Rev. Jesse Jackson
61.9%
Christopher Walken
61.5%
James Earl Jones
59.8%
Tommy Lee Jones
59.1%
Stephen King
56.8%
William Shatner
56.2%
Michael Douglas
54.5%
Vladimir Putin
52.6%
% Correct
Theodore Roosevelt
50.3%
Henry Kissinger
42.8%
Leslie Nielsen
42%
George H.W. Bush
40.3%
Christopher Lloyd
35.9%
Regis Philbin
34.3%
John Wayne
30.9%
Mike Krzyzewski & Bob Knight
30.1%
Sir Ian McKellen
26.8%
Donald Trump
26.2%
Alex Trebek
21.6%
Sir Alec Guinness
17.2%
John McCain
16.9%
Sean Connery
8.7%

You're not logged in!

Compare scores with friends on all Sporcle quizzes.
Sign Up with Email
OR
Log In

You Might Also Like...

Show Comments

Extras

Top Quizzes Today


Score Distribution

Your Account Isn't Verified!

In order to create a playlist on Sporcle, you need to verify the email address you used during registration. Go to your Sporcle Settings to finish the process.